| 000 | 00365nam a2200145Ia 4500 | ||
|---|---|---|---|
| 008 | 150201s2007 xx 000 0 und d | ||
| 082 |
_a616.07 _bD07F |
||
| 100 | _aFLETCHER, CHESTOPHER | ||
| 245 | _aDIAGNOSTIC HISTOPATHY OF TUMORS | ||
| 250 | _a3RD | ||
| 260 |
_bCHURCHILL _aLIVINGSRONE , DELHI _c2007 |
||
| 300 | _a1-969 | ||
| 650 | _aPATHOLOGY | ||
| 942 |
_2ddc _cBK |
||
| 999 |
_c1236 _d1236 |
||